|
|
|
|
| LEADER |
01441nam a2200349 a 4500 |
| 001 |
AAL1767 |
| 003 |
BD-DhAAL |
| 005 |
20160209195241.0 |
| 008 |
150208s1991 cauab j b 001 0 eng |
| 010 |
|
|
|a 90023525
|
| 020 |
|
|
|a 1560061235
|
| 040 |
|
|
|a DLC
|c DLC
|d DLC
|d BD-DhAAL
|
| 050 |
0 |
0 |
|a HB883
|b .N37 1991
|
| 082 |
0 |
0 |
|a 304.6
|2 20
|
| 999 |
|
|
|c 33615
|d 33615
|
| 999 |
|
|
|c 33615
|
| 999 |
|
|
|c 33615
|
| 100 |
1 |
|
|a Nardo, Don,
|d 1947-
|9 8086
|
| 245 |
1 |
0 |
|a Population /
|c by Don Nardo.
|
| 260 |
|
|
|a San Diego, CA :
|b Lucent Books,
|c c1991.
|
| 300 |
|
|
|a 96 p. :
|b ill., map ;
|c 24 cm.
|
| 440 |
|
0 |
|p Our endangered planet
|9 8087
|
| 490 |
|
|
|a Lucent overview series.
|
| 504 |
|
|
|a Includes bibliographical references (p. 90-92) and index.
|
| 520 |
|
|
|a Considers the global consequences of continued population growth and the various options for dealing with its impact on the environment and natural resources.
|
| 541 |
|
|
|e 1767
|
| 650 |
|
0 |
|a Population
|x Juvenile literature.
|9 8088
|
| 650 |
|
0 |
|a Population policy
|x Juvenile literature.
|9 8089
|
| 650 |
|
1 |
|a Population.
|9 8090
|
| 942 |
|
|
|2 ddc
|c BK
|
| 952 |
|
|
|0 0
|1 0
|2 ddc
|4 0
|6 304_600000000000000_NAR
|7 0
|9 52506
|a SCL
|b SCL
|c GEN
|d 2015-02-08
|e Gift: The Asia Foundation
|l 0
|o 304.6 NAR
|p 3020001767
|r 2015-02-08
|t 1
|w 2015-02-08
|y BK
|
| 952 |
|
|
|0 0
|1 0
|2 ddc
|4 0
|6 304_600000000000000_NAR
|7 0
|9 52760
|a SCL
|b SCL
|c GEN
|d 2015-02-24
|e Gift: The Asia Foundation
|l 0
|o 304.6 NAR
|p 3020001766
|r 2015-02-24
|t 2
|w 2015-02-24
|y BK
|